Holy Roman Emperors - Statistics

General Stats
  • This quiz has been taken 983 times
  • The average score is 24 of 42
Answer Stats
Year AD Name/Answer % Correct
742 - 814 Charlemagne
89%
912 - 973 Otto I
79%
839 - 888 Charles III
70%
1500 - 1558 Charles V
70%
823 - 877 Charles II
69%
1316 - 1378 Charles IV
69%
955 - 983 Otto II
69%
973 - 1024 Henry II
68%
778 - 840 Louis I
68%
980 - 1002 Otto III
68%
1685 - 1740 Charles VI
66%
1708 - 1765 Francis I
66%
1122 - 1190 Frederick I
66%
1175 - 1218 Otto IV
61%
1697 - 1745 Charles VII
60%
825 - 875 Louis II
60%
1194 - 1250 Frederick II
59%
1017 - 1056 Henry III
59%
1050 - 1106 Henry IV
59%
1086 - 1125 Henry V
58%
1503 - 1564 Ferdinand I
57%
1165 - 1197 Henry VI
57%
880 - 928 Louis III
57%
1768 - 1835 Francis II
56%
1415 - 1493 Frederick III
56%
1275 - 1313 Henry VII
54%
1678 - 1711 Joseph I
54%
1282 - 1347 Louis IV
54%
1459 - 1519 Maximilian I
53%
1578 - 1637 Ferdinand II
52%
1608 - 1657 Ferdinand III
51%
1741 - 1790 Joseph II
49%
1527 - 1576 Maximilian II
47%
1640 - 1705 Leopold I
44%
1552 - 1612 Rudolph II
44%
795 - 855 Lothair I
43%
1747 - 1792 Leopold II
40%
1368 - 1437 Sigismund
36%
990 - 1039 Conrad II
32%
1557 - 1619 Matthias
32%
1075 - 1137 Lothair III
25%
850 - 899 Arnulph
21%
No matching quizzes found
Score Distribution
Percent of People with Each Score
Percentile by Number Answered
Your Score History
You have not taken this quiz